Movies Quiz

Random Movies or Star Wars Quiz

Star Wars 'Trench Run' (Safecracker style) Quiz Stats

 Plays Quiz not verified by Sporcle

Support Sporcle.
Go Orange.
Score 0/34 Timer 05:00
0 Plays Today
% Correct
???
100%
???
95.3%
???
94.7%
???
94.3%
???
73.7%
???
72.2%
???
71.6%
???
70.7%
???
70.5%
???
68.9%
???
68.6%
???
48.7%
???
47.3%
???
46%
???
41.4%
???
39.5%
???
38.1%
% Correct
???
37.8%
???
37.6%
???
37.5%
???
37.3%
???
37.1%
???
36.3%
???
35.5%
???
35.3%
???
35%
???
34.6%
???
32.5%
???
28.7%
???
24.3%
???
23.2%
???
22.5%
???
21.9%
???
21.1%

You're not logged in!

Compare scores with friends on all Sporcle quizzes.
OR
Log In

From the Vault

Celebrity Photobombs

by Hejman

Celebrities just have to be in front of the camera at all times.
Remove Ads.
Support Sporcle.
Get the best of Sporcle when you Go Orange. This ad-free experience offers more features, more stats, and more fun while also helping to support Sporcle. Thank you for becoming a member.

Show Comments

Extras

Created Feb 18, 2011ReportNominate
Tags:Star Wars Quiz, Safe Cracker

Top Quizzes Today


Score Distribution

Your Account Isn't Verified!

In order to create a playlist on Sporcle, you need to verify the email address you used during registration. Go to your Sporcle Settings to finish the process.

Report this User

Report this user for behavior that violates our Community Guidelines.

Details: